Diablo guardián / (Registro nro. 10832)

Detalles MARC
000 -LIDER
fixed length control field 01127nam a2200409 c 4500
001 - NÚMERO DE CONTROL
Identificador de número de control a57154
003 - IDENTIFICACDOR DE NÚMERO DE CONTROL
control field DO-SdBPM
005 - DATE AND TIME OF LATEST TRANSACTION
control field 20250804102317.0
007 - CAMPOS FIJOS DE DESCRIPCIÓN FÍSICA
fixed length control field ta
008 - ELEMENTOS DE LONGITUD FIJA
fixed length control field 151119s2011 mx || 000 f spa
015 ## - NÚMERO DENTRO DE LA BIBLIOGRAFÍA NACIONAL
National bibliography number
017 ## - NÚMERO DE REGISTRO DE DERECHOS DE AUTOR
Copyright or legal deposit number
Assigning agency
020 ## - ISBN
International Standard Book Number 9789707311145
035 ## - NÚMERO LOCAL
System control number
040 ## - FUENTE DE CATALOGACIÓN
Agencia que crea de manera original el registro DO-SdBPM
Idioma de catalogación spa
Agencia que realiza la transcripción BPMSU
Convenciones de la despripción rda
041 1# - CÓDIGOS DE OBRAS TRADUCIDAS O EN VARIOS IDIOMAS
Código del idioma del texto/archivo de sonido o separata spa
Cód. del idioma original y/o traducciones intermedias del texto
080 ## - NÚMERO DE CLASIFICACIÓN DECIMAL UNIVERSAL
Universal Decimal Classification number
082 #4 - NÚMERO DE CLASIFICACIÓN DECIMAL DE DEWEY
Classification number M863.6
Item number V433d 2011
Edition number 22
100 1# - ASIENTO PRINCIPAL -- NOMBRE PERSONAL
Nombre personal Xavier Velasco.
Fechas asociadas con el nombre 1964-
Mención de responsabilidad autor
Término de relación
245 10 - MENCIÓN DE TITULO
Título Diablo guardián /
Mención de responsabilidad Xavier Velasco ;
250 ## - MENCIÓN DE EDICION
Mención de edición
264 ## - PRODUCTION, PUBLICATION, DISTRIBUTION, MANUFACTURE, AND COPYRIGHT NOTICE
Place of production, publication, distribution, manufacture México :
Name of producer, publisher, distributor, manufacturer Santillana Ediciones Generales,
Date of production, publication, distribution, manufacture, or copyright notice 2011
300 ## - DESCRIPCIÓN FÍSICA
Extensión 529 págianas .;
Dimensiones 22 cm
336 ## - CONTENT TYPE
Content type term texto
Content type code txt
Source rdacontent
337 ## - MEDIA TYPE
Media type term sin mediación
Media type code n
Source rdamdecia
338 ## - CARRIER TYPE
Carrier type term volumen
Carrier type code nc
Source rdacarrier
490 0# - MENCIÓN DE SERIES
Mención de serie Punto de lectura ;
Volume/sequential designation 70/2
504 ## - NOTA DE BIBLIOGRAFÍA, ETC.
Bibliography, etc
586 ## - AWARDS NOTE
Awards note Premio Alfaguara de Novela 2003
590 ## - NOTA LOCAL
Texto de la nota local Inventariado, 2025/VM
650 #7 - ENCABEZAMIENTO DE MATERIA--TEMÁTICO
Término temático o nombre geográfico como elemento de entrada Novela mexicana
650 #7 - ENCABEZAMIENTO DE MATERIA--TEMÁTICO
Término temático o nombre geográfico como elemento de entrada Demonología
Subdivisión de forma Novela
650 #7 - ENCABEZAMIENTO DE MATERIA--TEMÁTICO
Término temático o nombre geográfico como elemento de entrada Drogadictos
Subdivisión de forma Novela
700 1# - ASIENTO SECUNDARIO -- NOMBRE PERSONAL
Nombre personal Saslavsky, Irene
Mención de responsabilidad traductor
Término de relación
910 ## - VALIDACIÓN
Validación VMateo V. control de calidad. BPMSU
942 ## - ADDED ENTRY ELEMENTS (KOHA)
Source of classification or shelving scheme Dewey Decimal Classification
Koha item type Libros
Existencias
Withdrawn status Lost status Source of classification or shelving scheme Damaged status Not for loan Collection code Home library Current library Date acquired Source of acquisition Total Checkouts Full call number Barcode Date last seen Price effective from Koha item type Copy number
    Dewey Decimal Classification     Colección General Biblioteca Pública Metropolitana Salomé Ureña Biblioteca Pública Metropolitana Salomé Ureña 07/12/2016 ALFAGUARA   BPMSU CG M863.6 V433d 2011 BPMSU16070397 07/12/2016 07/12/2016 Libros  
    Dewey Decimal Classification     Colección General Biblioteca Pública Metropolitana Salomé Ureña Biblioteca Pública Metropolitana Salomé Ureña 07/12/2016 ALFAGUARA   BPMSU CG M863.6 V433d 2011 BPMSU16070398 07/12/2016 07/12/2016 Libros e.2
    Dewey Decimal Classification     Colección General Biblioteca Pública Metropolitana Salomé Ureña Biblioteca Pública Metropolitana Salomé Ureña 07/12/2016 Alfaguara   BPMSU CG M863.6 V433d 2011 BPMSU16070399 07/12/2016 07/12/2016 Libros e.3